LEADER 01125nam0-22003251i-450- 001 990007144250403321 005 20040715140837.0 035 $a000714425 035 $aFED01000714425 035 $a(Aleph)000714425FED01 035 $a000714425 100 $a20021021d1997----km-y0itay50------ba 101 0 $aita 200 1 $a<<"La >>nostra lunga marcia verso la democrazia" (Aldo Moro 1975)$eattualita' della resistenza e futuro della democrazia in Italia$fa cura di Andrea Ambrogetti e Maria Letizia Coen Cagli$gintr. di Giancarlo Quaranta 210 $aNapoli$cEdizioni Scientifiche Italiane$d1997 215 $a328 p.$d21 cm 225 1 $a<>intelligenza e gli avvenimenti$v3 676 $a945.0927 702 1$aAmbrogetti,$bAndrea 702 1$aCoen Cagli,$bMaria Letizia 702 1$aQuaranta,$bGiancarlo 801 0$aIT$bUNINA$gRICA$2UNIMARC 901 $aBK 912 $a990007144250403321 952 $aIII 77$b2090$fDDCIC 952 $aCOLLEZ. 1721 (3)$b30506$fFSPBC 959 $aDDCIC 959 $aFSPBC 996 $aNostra lunga marcia verso la democrazia" (Aldo Moro 1975$9690477 997 $aUNINA LEADER 00913nam0-22003131i-450- 001 990000449120403321 005 20070726105009.0 010 $a0-444-87882-3 035 $a000044912 035 $aFED01000044912 035 $a(Aleph)000044912FED01 035 $a000044912 100 $a20020821d1985----km-y0itay50------ba 101 0 $aeng 105 $aa-------001yy 200 1 $aApplied digital control$fSpyros G. Tzafestas 210 $aAmsterdam ; New York$cNorth-Holland$dc1985 215 $a305 p.$cill.$d23 cm 225 1 $aNorth-Holland systems and control series$v7 610 0 $aSistemi di controllo digitale 676 $a629.895 700 1$aTzafestas,$bSpyros G.$f<1939- >$060244 801 0$aIT$bUNINA$gRICA$2UNIMARC 901 $aBK 912 $a990000449120403321 952 $a10 D III 402$b598 DIS$fDINEL 959 $aDINEL 996 $aApplied digital control$9333984 997 $aUNINA